Normal view
MARC view
- Wall, Thomas Frederick
Entry Personal Name
001 - CONTROL NUMBER
- control field: 41185
003 - CONTROL NUMBER IDENTIFIER
- control field: NUST
005 - DATE AND TIME OF LATEST TRANSACTION
- control field: 20210314132004.0
008 - FIXED-LENGTH DATA ELEMENTS
- fixed length control field: 210314|| aca||aabn | a|a d
040 ## - CATALOGING SOURCE
- Original cataloging agency: NUST
- Transcribing agency: NUST
100 ## - HEADING--PERSONAL NAME
- Personal name: Wall, Thomas Frederick
670 ## - SOURCE DATA FOUND
- Source citation: Work cat.: (NUST): Wall, Thomas Frederick,, Test papers and solutions on electrical engineering., [1947]
